[Event "Nabereznye Chelny op 8th"]
[Site "Nabereznye Chelny"]
[Date "2010.01.22"]
[Round "4"]
[White "Khodzhamkuliev, Bahadur"]
[Black "Maksimov, Sergei Alexandrovic"]
[Result "1-0"]
[WhiteElo "2029"]
[BlackElo "2260"]
[PlyCount "110"]
[EventDate "2010.01.19"]
[EventType "swiss"]
[EventRounds "9"]
[EventCountry "RUS"]
[SourceTitle "CBM 134 Extra"]
[Source "ChessBase"]
[SourceDate "2010.03.03"]
[SourceVersion "1"]
[SourceVersionDate "2010.03.03"]
[SourceQuality "1"]

1. Nf3 g6 2. d4 Bg7 3. Nbd2 c5 4. dxc5 Qa5 5. e4 Qxc5 6. Bd3 Nf6 7. 0-0 0-0 8. Re1 Ng4 9. Qe2 d6 10. h3 Ne5 11. Nxe5 Qxe5 12. Nc4 Qc5 13. c3 Nd7 14. Be3 Qc7 15. Bd4 e5 16. Be3 b5 17. Na3 a6 18. Nc2 f5 19. f3 Nf6 20. a4 bxa4 21. Nb4 fxe4 22. fxe4 Be6 23. Nxa6 Qd7 24. Bg5 Rac8 25. Kh2 Nh5 26. Bb5 Qa7 27. Qe3 Qb7 28. Qd3 d5 29. Nb4 dxe4 30. Qd6 Qxb5 31. Qxe6+ Kh8 32. Rxe4 Nf4 33. Qa6 Qd7 34. Bxf4 exf4 35. Qe6 Qc7 36. Nd5 Qb8 37. Rb4 Qe5 38. Qxe5 Bxe5 39. Re4 Bd6 40. Re6 Rcd8 41. Kh1 f3 42. gxf3 Rxf3 43. Rxa4 Rxh3+ 44. Kg2 Rh2+ 45. Kf3 Rxb2 46. Nf6 Bc5 47. Rc4 Rd3+ 48. Kf4 Rf2+ 49. Kg4 Rg2+ 50. Kf4 g5+ 51. Ke5 Re2+ 52. Ne4 Rxe4+ 53. Kxe4 Re3+ 54. Kf5 Rxe6 55. Kxe6 Bf8 1-0

[Event "Nabereznye Chelny op 8th"]
[Site "Nabereznye Chelny"]
[Date "2010.01.20"]
[Round "2"]
[White "Kanter, Eduard"]
[Black "Maksimov, Sergei Alexandrovic"]
[Result "1-0"]
[WhiteElo "2419"]
[BlackElo "2260"]
[PlyCount "111"]
[EventDate "2010.01.19"]
[EventType "swiss"]
[EventRounds "9"]
[EventCountry "RUS"]
[SourceTitle "CBM 134 Extra"]
[Source "ChessBase"]
[SourceDate "2010.03.03"]
[SourceVersion "1"]
[SourceVersionDate "2010.03.03"]
[SourceQuality "1"]

1. d4 Nf6 2. c4 c5 3. d5 d6 4. Nc3 g6 5. e4 Bg7 6. Bd3 0-0 7. h3 e6 8. Nf3 exd5 9. cxd5 Nbd7 10. 0-0 Nh5 11. Bg5 Bf6 12. Bh6 Re8 13. Re1 Ne5 14. Be2 Ng7 15. Qd2 a6 16. a4 b6 17. Rab1 Nxf3+ 18. Bxf3 Qe7 19. Bf4 g5 20. e5 gxf4 21. exf6 Qxf6 22. Rxe8+ Nxe8 23. Re1 Ng7 24. Ne4 Qg6 25. Qxf4 Nf5 26. Bh5 Qh6 27. Qxh6 Nxh6 28. Nxd6 Bd7 29. Re7 Bxa4 30. Rb7 b5 31. g4 Rd8 32. Ne4 Bb3 33. Nf6+ Kh8 34. g5 Ng8 35. Bxf7 Nxf6 36. gxf6 h6 37. Bg6 Bxd5 38. Rh7+ Kg8 39. Rg7+ Kf8 40. Rh7 Kg8 41. Rg7+ Kf8 42. Rh7 Kg8 43. Rxh6 Bf7 44. Bh7+ Kf8 45. Be4 Bg8 46. h4 Rd6 47. h5 Kf7 48. Bg6+ Ke6 49. f7 Rd8 50. fxg8Q+ Rxg8 51. Kf1 Rd8 52. Ke2 Ke5 53. Bf7 a5 54. Rc6 c4 55. h6 Rh8 56. Ke3 1-0

[Event "Nabereznye Chelny op 8th"]
[Site "Nabereznye Chelny"]
[Date "2010.01.19"]
[Round "1"]
[White "Maksimov, Sergei Alexandrovic"]
[Black "Litvinov, Maxim"]
[Result "1-0"]
[WhiteElo "2260"]
[BlackElo "1729"]
[PlyCount "103"]
[EventDate "2010.01.19"]
[EventType "swiss"]
[EventRounds "9"]
[EventCountry "RUS"]
[SourceTitle "CBM 134 Extra"]
[Source "ChessBase"]
[SourceDate "2010.03.03"]
[SourceVersion "1"]
[SourceVersionDate "2010.03.03"]
[SourceQuality "1"]

1. e4 e5 2. Nf3 Nc6 3. Bc4 Be7 4. d4 d6 5. h3 Nf6 6. Nc3 0-0 7. 0-0 Bd7 8. Be3 h6 9. Qd2 Nh7 10. Rad1 Ng5 11. Nxg5 Bxg5 12. Bxg5 Qxg5 13. f4 exf4 14. Qxf4 Qxf4 15. Rxf4 Rae8 16. a3 Ne7 17. Rdf1 Be6 18. Bxe6 fxe6 19. Rxf8+ Rxf8 20. Rxf8+ Kxf8 21. Nb5 Nc6 22. Kf2 Ke8 23. d5 exd5 24. Nxc7+ Kd7 25. Nxd5 Ke6 26. Ke3 Ke5 27. Nb4 Na5 28. b3 b5 29. g3 Ke6 30. Kd4 Nb7 31. Na6 Kd7 32. Kd5 Nd8 33. e5 dxe5 34. Nc5+ Ke7 35. Kxe5 Nf7+ 36. Kd5 Nd6 37. g4 a5 38. c4 bxc4 39. bxc4 Nc8 40. Nb7 a4 41. c5 Kd7 42. c6+ Kc7 43. Kc5 Na7 44. Nd6 Nxc6 45. Ne8+ Kd7 46. Nxg7 Ne5 47. Nf5 Nf7 48. Kb4 Ke6 49. Kxa4 Kf6 50. Kb4 Kg5 51. Nxh6 Nxh6 52. a4 1-0

[Event "Tatarstan-ch op"]
[Site "Kazan"]
[Date "2009.08.25"]
[Round "6"]
[White "Askarov, Marat"]
[Black "Maksimov, Sergei Alexandrovic"]
[Result "0-1"]
[WhiteElo "2495"]
[BlackElo "2233"]
[PlyCount "70"]
[EventDate "2009.08.20"]
[EventType "swiss"]
[EventRounds "9"]
[EventCountry "RUS"]
[SourceTitle "EXT 2010"]
[Source "ChessBase"]
[SourceDate "2010.11.25"]
[SourceVersion "1"]
[SourceVersionDate "2010.11.25"]
[SourceQuality "1"]

1. c4 g6 2. Nc3 Bg7 3. g3 c5 4. Bg2 Nh6 5. e4 Nc6 6. Nge2 d6 7. d3 0-0 8. h4 f5 9. h5 Ng4 10. hxg6 hxg6 11. Nf4 Qe8 12. Nb5 Bd4 13. Nxd4 Nxd4 14. exf5 Bxf5 15. Bxb7 e5 16. Bd5+ Kg7 17. Ne2 Be6 18. Nxd4 Bxd5 19. 0-0 Bb7 20. Qxg4 cxd4 21. f3 Rf5 22. Rf2 Rh5 23. Bd2 Qf7 24. Bg5 Rg8 25. Bh4 Bc8 26. Qe4 g5 27. f4 gxf4 28. Raf1 Bb7 29. Rxf4 exf4 30. Qxd4+ Kh7 31. Qxf4 Qxf4 32. Rxf4 Rg7 33. d4 Bc8 34. Rf8 Rxh4 35. Rxc8 Rxd4 0-1

[Event "Tatarstan-ch op"]
[Site "Kazan"]
[Date "2008.08.23"]
[Round "3"]
[White "Sadykov, Ramil"]
[Black "Maksimov, Sergei Alexandrovic"]
[Result "1-0"]
[WhiteElo "2136"]
[BlackElo "2225"]
[PlyCount "103"]
[EventDate "2008.08.21"]
[EventType "swiss"]
[EventRounds "9"]
[EventCountry "RUS"]
[SourceTitle "EXT 2010"]
[Source "ChessBase"]
[SourceDate "2010.11.25"]
[SourceVersion "1"]
[SourceVersionDate "2010.11.25"]
[SourceQuality "1"]

1. e4 c5 2. Nf3 Nc6 3. Bb5 g6 4. 0-0 Bg7 5. c3 a6 6. Bxc6 dxc6 7. d3 Nf6 8. h3 0-0 9. Qc2 Qc7 10. Be3 b6 11. Nbd2 Nh5 12. d4 cxd4 13. cxd4 Bb7 14. Nc4 Rac8 15. Rac1 e6 16. Qb3 b5 17. Nce5 Nf6 18. Nd2 Nd7 19. Nd3 Qd6 20. e5 Qe7 21. Nc5 Nxc5 22. Rxc5 f5 23. f4 h6 24. Qc3 Rfd8 25. Nb3 Bf8 26. Qc1 Qf7 27. Rc2 c5 28. dxc5 Bd5 29. Rd1 Qc7 30. Kh2 Kh7 31. Rd3 g5 32. fxg5 Qxe5+ 33. Bf4 Qh8 34. gxh6 Be4 35. Rxd8 Rxd8 36. Rd2 Bd5 37. c6 Qf6 38. Rc2 Rc8 39. c7 e5 40. Bg5 Qf7 41. Qd2 Be4 42. Qd8 Rxd8 43. cxd8Q Bxc2 44. Qc8 Bd3 45. Nc5 e4 46. Nd7 Bd6+ 47. Kh1 Kg6 48. h4 e3 49. Qc6 e2 50. Qxd6+ Kh5 51. Bd2 Qc4 52. Qg3 1-0

[Event "Nabereznye Chelny"]
[Site "Nabereznye Chelny"]
[Date "2007.03.07"]
[Round "9"]
[White "Maksimov, Sergei Alexandrovic"]
[Black "Alyautdinov, Rushan"]
[Result "0-1"]
[WhiteElo "2262"]
[BlackElo "2186"]
[PlyCount "74"]
[EventDate "2007.02.17"]
[EventType "tourn"]
[EventRounds "11"]
[EventCountry "RUS"]
[SourceTitle "EXT 2010"]
[Source "ChessBase"]
[SourceDate "2010.11.25"]
[SourceVersion "1"]
[SourceVersionDate "2010.11.25"]
[SourceQuality "1"]

1. e4 c5 2. Nf3 Nc6 3. g3 g6 4. Bg2 Bg7 5. 0-0 e5 6. d3 Nge7 7. Be3 d6 8. Nh4 0-0 9. f4 exf4 10. Bxf4 Bxb2 11. Nd2 Bxa1 12. Qxa1 f6 13. Bh6 Rf7 14. Rxf6 Ne5 15. Rxf7 Kxf7 16. Nc4 Be6 17. Qf1+ Ke8 18. Qf6 Bxc4 19. Bh3 Bf7 20. Qg7 Nd7 21. Nf3 Ng8 22. Bxd7+ Kxd7 23. Qxf7+ Qe7 24. Qd5 Rb8 25. Bf4 Nf6 26. Qb3 Nh5 27. Qb5+ Kc8 28. Bg5 Qd7 29. Qc4 Kc7 30. e5 Rf8 31. e6 Qc6 32. Nd2 d5 33. e7 Rf1+ 34. Kxf1 dxc4 35. Nxc4 Qh1+ 36. Ke2 Qxh2+ 37. Kd1 Ng7 0-1

[Event "Moscow Beliaev Memorial 7th"]
[Site "Moscow"]
[Date "2006.12.20"]
[Round "5"]
[White "Musin, Arsen"]
[Black "Maksimov, Sergei Alexandrovic"]
[Result "0-1"]
[WhiteElo "2103"]
[BlackElo "2262"]
[PlyCount "100"]
[EventDate "2006.12.16"]
[EventType "swiss"]
[EventRounds "9"]
[EventCountry "RUS"]
[SourceTitle "EXT 2008"]
[Source "ChessBase"]
[SourceDate "2007.11.25"]
[SourceVersion "1"]
[SourceVersionDate "2007.11.25"]
[SourceQuality "1"]

1. e4 c5 2. Nf3 Nc6 3. d4 cxd4 4. Nxd4 g6 5. c4 Bg7 6. Be3 e6 7. Nc3 Nge7 8. Qd2 0-0 9. Be2 d5 10. cxd5 exd5 11. exd5 Nxd5 12. Nxc6 bxc6 13. Rd1 Be6 14. Bd4 Bxd4 15. Qxd4 Qa5 16. Qa4 Qxa4 17. Nxa4 Nf4 18. Bf3 Bc4 19. Rd4 Nd3+ 20. Kd2 Rad8 21. Kc3 Nxf2 22. Ra1 Bd5 23. Rf1 Bxf3 24. gxf3 Nh3 25. Rc4 Rd6 26. Nc5 f5 27. Ra4 Rd5 28. b4 Re8 29. Rxa7 Re3+ 30. Kc4 Nf4 31. Rc7 Rd6 32. b5 Ne2 33. bxc6 Rc3+ 34. Kb4 Rd4+ 35. Kb5 Rd5 36. Kb6 Rcxc5 37. Rd7 Rb5+ 38. Kc7 Rdc5 39. Rfd1 Nf4 40. Rd8+ Kg7 41. R1d7+ Kf6 42. Rd6+ Kg5 43. Kd7 Nd5 44. Ke6 Nb6 45. Rb8 Rb2 46. Ke7 Re2+ 47. Kd8 Nc4 48. h4+ Kh6 49. Rd7 Rxc6 50. Rbb7 Rd6 0-1